000 00329nam a2200145Ia 4500
005 20251222141909.0
008 251222s9999||||xx |||||||||||||| ||spa||
020 _a8427704100
082 _a248.482/V28
100 _aVanier, Jean
245 0 _aComunidad:
250 _a2da.ed.
264 _bNARCEA S.A. EDICIONES
942 _cLIB
999 _c8322
_d8322